[Event "Estonian ch"]
[Site "Kilingi-Nomme"]
[Date "2002.08.15"]
[Round "6"]
[White "Seeman, Tarvo"]
[Black "Krupenski, Juri"]
[Result "1-0"]
[WhiteElo "2454"]
[BlackElo "2252"]
[PlyCount "99"]
[EventDate "2002.08.10"]

1. e4 c5 2. Nc3 e6 3. Nf3 Ne7 4. g3 d5 5. Bg2 Nbc6 6. O-O dxe4 7. Nxe4 Nf5 8.
c3 Be7 9. g4 Nh6 10. d4 Nxg4 11. dxc5 O-O 12. b4 Qc7 13. Nd6 e5 14. Ng5 Nf6 15.
f4 Bg4 16. Qc2 h6 17. fxe5 Nxe5 18. Nge4 Nxe4 19. Qxe4 Bxd6 20. cxd6 Qxd6 21.
Bf4 Qb6+ 22. Kh1 Ng6 23. Be3 Qe6 24. Qxe6 Bxe6 25. Bxb7 Rad8 26. a4 Rd7 27. Bc6
Rc7 28. b5 Ne5 29. Bg2 Nc4 30. Bd4 Nd2 31. Rfd1 Nb3 32. Rab1 Rd8 33. Bf2 Rd2
34. Rxd2 Nxd2 35. Rd1 Nb3 36. Bc6 Na5 37. Be4 f5 38. Bd5 Bxd5+ 39. Rxd5 Rxc3
40. Rd7 Rc4 41. Rxa7 Rxa4 42. b6 Kh7 43. b7 Rb4 44. Rxa5 Rxb7 45. Rxf5 g5 46.
Rf6 Rd7 47. Kg2 Rd3 48. Bg3 h5 49. Rd6 Rb3 50. Be5 1-0

[Event "Estonian ch"]
[Site "Kilingi-Nomme"]
[Date "2002.08.15"]
[Round "6"]
[White "Zjukin, Sergei"]
[Black "Kveinys, Aloyzas"]
[Result "0-1"]
[WhiteElo "2401"]
[BlackElo "2556"]
[PlyCount "70"]
[EventDate "2002.08.10"]

1. e4 e5 2. Nf3 Nc6 3. Bb5 a6 4. Ba4 d6 5. c3 Bd7 6. d4 g6 7. O-O Bg7 8. Re1
Nge7 9. d5 Nb8 10. c4 O-O 11. Nc3 h6 12. b4 f5 13. Bxd7 Nxd7 14. c5 Nf6 15.
cxd6 cxd6 16. Nd2 Rc8 17. Qb3 Qb6 18. Bb2 fxe4 19. Ncxe4 Nfxd5 20. Nc4 Qxb4 21.
Nexd6 Rc6 22. Qh3 Rxd6 23. Ba3 Qxc4 24. Bxd6 Rf5 25. Qa3 Nc6 26. Rac1 Qh4 27.
f3 Kh7 28. Qb3 Nf4 29. Qxb7 Rg5 30. g4 Qh3 31. Kf2 Qxh2+ 32. Ke3 Ng2+ 33. Kd2
Nxe1+ 34. Kxe1 Qg1+ 35. Kd2 Qf2+ 0-1

[Event "Estonian ch"]
[Site "Kilingi-Nomme"]
[Date "2002.08.15"]
[Round "6"]
[White "Sepp, Olav"]
[Black "Kengis, Edvins"]
[Result "1/2-1/2"]
[WhiteElo "2430"]
[BlackElo "2594"]
[PlyCount "52"]
[EventDate "2002.08.10"]

1. e4 c5 2. d3 Nc6 3. g3 g6 4. Bg2 Bg7 5. f4 e6 6. Nf3 Nge7 7. O-O O-O 8. c3
Rb8 9. Be3 b6 10. Bf2 d6 11. d4 Qd7 12. Re1 cxd4 13. cxd4 d5 14. e5 Ba6 15. Qd2
Rfc8 16. Na3 Na5 17. b3 Rc7 18. Nc2 Rbc8 19. Nb4 Bb7 20. Bf1 Bf8 21. Rec1 Nf5
22. Rxc7 Qxc7 23. g4 Ng7 24. Ne1 Be7 25. Ned3 Qd8 26. Rc1 Rxc1 1/2-1/2

[Event "Estonian ch"]
[Site "Kilingi-Nomme"]
[Date "2002.08.15"]
[Round "6"]
[White "Zavoronkov, Vladimir"]
[Black "Kulaots, Kaido"]
[Result "0-1"]
[WhiteElo "2385"]
[BlackElo "2542"]
[PlyCount "68"]
[EventDate "2002.08.10"]

1. e4 c5 2. Nf3 e6 3. d4 cxd4 4. Nxd4 a6 5. Bd3 Nf6 6. c4 Nc6 7. Nxc6 dxc6 8.
O-O e5 9. Qc2 Bc5 10. Nd2 a5 11. Nb3 Be7 12. a4 Bb4 13. f4 Nd7 14. Be3 exf4 15.
Rxf4 Ne5 16. Rd1 Qe7 17. Bd4 O-O 18. c5 f6 19. Bxe5 Qxe5 20. Bc4+ Kh8 21. Rh4
g5 22. Rh6 Kg7 23. Rh5 Bg4 24. Be2 Bxh5 25. Bxh5 Rad8 26. Rf1 f5 27. exf5 Qe3+
28. Kh1 Qd3 29. Qxd3 Rxd3 30. Nc1 Rd5 31. Bg4 h5 32. Bxh5 Rdxf5 33. Rxf5 Rxf5
34. Be2 Re5 0-1

[Event "Estonian ch"]
[Site "Kilingi-Nomme"]
[Date "2002.08.16"]
[Round "7"]
[White "Kengis, Edvins"]
[Black "Zavoronkov, Vladimir"]
[Result "1/2-1/2"]
[WhiteElo "2594"]
[BlackElo "2385"]
[PlyCount "83"]
[EventDate "2002.08.10"]

1. d4 Nf6 2. Nf3 e6 3. g3 b6 4. Bg2 Bb7 5. c4 Bb4+ 6. Bd2 Be7 7. Nc3 d5 8. cxd5
Nxd5 9. O-O O-O 10. Qc2 Nd7 11. Rfd1 Nxc3 12. Bxc3 Nf6 13. Ne5 Bxg2 14. Kxg2
Qd5+ 15. f3 a5 16. e4 Qb7 17. a4 Rac8 18. Qe2 Rfd8 19. Rac1 Nd7 20. Ng4 Nf6 21.
Ne3 c6 22. b3 c5 23. d5 exd5 24. Bxf6 Bxf6 25. Nxd5 Bd4 26. Qb5 Rb8 27. g4 h6
28. Rc2 Rd6 29. Rxd4 cxd4 30. Rc7 Qa8 31. Ne7+ Kh8 32. Nf5 Rf6 33. Qc4 Rd8 34.
Nxd4 Qb8 35. Nf5 Rd2+ 36. Kh3 Qe8 37. Qc3 Rd8 38. e5 Re6 39. Nd6 Rexd6 40. exd6
Rxd6 41. Rc8 Rd8 42. Rxd8 1/2-1/2

[Event "Estonian ch"]
[Site "Kilingi-Nomme"]
[Date "2002.08.16"]
[Round "7"]
[White "Kveinys, Aloyzas"]
[Black "Sepp, Olav"]
[Result "1-0"]
[WhiteElo "2556"]
[BlackElo "2430"]
[PlyCount "93"]
[EventDate "2002.08.10"]

1. e4 e5 2. Nf3 Nc6 3. Bb5 Nf6 4. O-O Nxe4 5. d4 Nd6 6. Bxc6 dxc6 7. dxe5 Nf5
8. Qxd8+ Kxd8 9. Nc3 Ke8 10. b3 Ne7 11. h3 Ng6 12. Ne2 a5 13. Bb2 a4 14. Rfe1
Bb4 15. Bc3 Bxc3 16. Nxc3 axb3 17. axb3 Rxa1 18. Rxa1 Ke7 19. Re1 Rd8 20. g4 h5
21. Re4 hxg4 22. hxg4 c5 23. Kh2 b6 24. Kg3 Bb7 25. Re2 Nf8 26. Ng5 Ba6 27. Re3
Rd2 28. Rf3 Ne6 29. Nce4 Rxc2 30. Rxf7+ Ke8 31. f4 c4 32. f5 Nxg5 33. Nxg5 cxb3
34. f6 gxf6 35. exf6 Bc4 36. Re7+ Kf8 37. Rxc7 Ke8 38. Re7+ Kf8 39. Rb7 Ke8 40.
Rxb6 b2 41. Rb8+ Kd7 42. f7 Rc3+ 43. Kh4 Rb3 44. f8=Q b1=Q 45. Qg7+ Kc6 46.
Rc8+ Kb5 47. Qb7+ 1-0

[Event "Estonian ch"]
[Site "Kilingi-Nomme"]
[Date "2002.08.16"]
[Round "7"]
[White "Krupenski, Juri"]
[Black "Zjukin, Sergei"]
[Result "1/2-1/2"]
[WhiteElo "2252"]
[BlackElo "2401"]
[PlyCount "51"]
[EventDate "2002.08.10"]

1. Nf3 Nf6 2. g3 g6 3. Bg2 Bg7 4. c4 c6 5. O-O d5 6. d4 O-O 7. cxd5 cxd5 8. Ne5
e6 9. Nc3 Nfd7 10. f4 Nc6 11. Be3 f6 12. Nf3 Nb6 13. Bf2 Nc4 14. e4 Nxb2 15.
Qc2 Nc4 16. exd5 exd5 17. Nxd5 N6a5 18. Nh4 Be6 19. Nc3 Bf7 20. d5 Rc8 21. Nf3
Nb6 22. Qd3 Nxd5 23. Nxd5 Qxd5 24. Qa3 Nc4 25. Qxa7 Ra8 26. Qd4 1/2-1/2

[Event "Estonian ch"]
[Site "Kilingi-Nomme"]
[Date "2002.08.16"]
[Round "7"]
[White "Leito, Priit"]
[Black "Seeman, Tarvo"]
[Result "1-0"]
[WhiteElo "2347"]
[BlackElo "2454"]
[PlyCount "99"]
[EventDate "2002.08.10"]

1. e4 g6 2. d4 Bg7 3. Nc3 c6 4. g3 d5 5. e5 f6 6. exf6 exf6 7. Bg2 Nh6 8. Nge2
O-O 9. O-O Na6 10. h3 Nf5 11. a3 Re8 12. Bf4 Nc7 13. b4 g5 14. Bxc7 Qxc7 15.
Nc1 Nd6 16. Nb3 Bf5 17. a4 Rad8 18. Nc5 b6 19. Nb3 Ne4 20. Qf3 Bg6 21. Nxe4
dxe4 22. Qe3 Qe7 23. c3 f5 24. f4 gxf4 25. Qxf4 Qe6 26. Rab1 Bf8 27. Nc1 c5 28.
bxc5 bxc5 29. Ne2 Qc4 30. Qe3 cxd4 31. cxd4 Qxa4 32. h4 Bg7 33. Kh2 Qd7 34. Bh3
Bxd4 35. Qb3+ Bf7 36. Qb4 Bb6 37. Bxf5 Qe7 38. Qb5 Rd5 39. Qc6 Kg7 40. Rb2 Rd6
41. Qc2 Rf6 42. Rbb1 Qe5 43. Bh3 e3 44. Rxf6 Qxf6 45. Rf1 Bg6 46. Qa4 Qb2 47.
Qd7+ Kh6 48. Bg4 Rd8 49. Qe7 Rd2 50. Qf8+ 1-0

[Event "Estonian ch"]
[Site "Kilingi-Nomme"]
[Date "2002.08.17"]
[Round "8"]
[White "Kanep, Meelis"]
[Black "Seeman, Tarvo"]
[Result "1-0"]
[WhiteElo "2389"]
[BlackElo "2454"]
[PlyCount "55"]
[EventDate "2002.08.10"]

1. d4 Nf6 2. Bg5 Ne4 3. Bf4 c5 4. f3 Qa5+ 5. c3 Nf6 6. d5 Qb6 7. b3 e6 8. e4
exd5 9. exd5 d6 10. c4 Be7 11. Nc3 O-O 12. Bd3 Nbd7 13. Nge2 Ne5 14. Bxe5 dxe5
15. Qc2 g6 16. O-O-O Nh5 17. g4 Nf4 18. h4 Nxd3+ 19. Qxd3 Bd7 20. d6 Bd8 21. g5
Qa5 22. Ng3 b5 23. Nge4 b4 24. Nd5 Bf5 25. Kb2 Rc8 26. Ne7+ Kh8 27. Nxc8 Bxc8
28. d7 1-0

[Event "Estonian ch"]
[Site "Kilingi-Nomme"]
[Date "2002.08.17"]
[Round "8"]
[White "Zjukin, Sergei"]
[Black "Leito, Priit"]
[Result "1/2-1/2"]
[WhiteElo "2401"]
[BlackElo "2347"]
[PlyCount "28"]
[EventDate "2002.08.10"]

1. e4 c5 2. Nf3 e6 3. d4 cxd4 4. Nxd4 Nc6 5. Nb5 d6 6. c4 Nf6 7. N1c3 a6 8. Na3
Be7 9. Be2 O-O 10. O-O b6 11. Be3 Ne5 12. f3 Ned7 13. Qd2 Bb7 14. Rfd1 Qc7
1/2-1/2

[Event "Estonian ch"]
[Site "Kilingi-Nomme"]
[Date "2002.08.17"]
[Round "8"]
[White "Sepp, Olav"]
[Black "Krupenski, Juri"]
[Result "0-1"]
[WhiteElo "2430"]
[BlackElo "2252"]
[PlyCount "108"]
[EventDate "2002.08.10"]

1. g3 f5 2. Bg2 Nf6 3. c4 g6 4. Nc3 Bg7 5. d3 d6 6. Rb1 e5 7. b4 O-O 8. e3 c6
9. b5 Be6 10. Qb3 Rf7 11. Nge2 Qc8 12. bxc6 bxc6 13. Ba3 Bf8 14. O-O Qa6 15.
Qa4 Qxa4 16. Nxa4 Rc7 17. Rfc1 Nbd7 18. d4 Bf7 19. Rc2 exd4 20. exd4 Nb6 21.
Nb2 Re8 22. Nf4 Ne4 23. Rd1 g5 24. Nfd3 Bg7 25. Nc1 c5 26. Nb3 a5 27. Bxe4 fxe4
28. dxc5 dxc5 29. Bxc5 Nxc4 30. Nxc4 a4 31. Nca5 Rec8 32. Rdc1 axb3 33. Nxb3
Bf8 34. Bxf8 Rxc2 35. Rxc2 Rxc2 36. Bh6 Rxa2 37. Nd4 Bd5 38. Kf1 Rd2 39. Nf5
Bc4+ 40. Kg2 Be2 41. Bxg5 Bf3+ 42. Kh3 Rxf2 43. g4 Rg2 44. Ne3 Rg1 45. Bf4 Kf7
46. Kh4 Kg6 47. h3 h5 48. g5 Rh1 49. Bg3 Bg4 50. Nxg4 hxg4 51. Kxg4 e3 52. Kf3
Rxh3 53. Kg2 Rh8 54. Kf3 Re8 0-1

[Event "Estonian ch"]
[Site "Kilingi-Nomme"]
[Date "2002.08.17"]
[Round "8"]
[White "Zavoronkov, Vladimir"]
[Black "Kveinys, Aloyzas"]
[Result "1/2-1/2"]
[WhiteElo "2385"]
[BlackElo "2556"]
[PlyCount "51"]
[EventDate "2002.08.10"]

1. e4 c5 2. Nf3 e6 3. d4 cxd4 4. Nxd4 a6 5. Bd3 Bc5 6. Nb3 Be7 7. Nc3 d6 8. a4
b6 9. O-O Nf6 10. f4 Nbd7 11. Qf3 Qc7 12. g4 h6 13. Qh3 Nh7 14. Nd4 Bb7 15. Be3
g5 16. Qxh6 O-O-O 17. Nxe6 fxe6 18. Qxe6 gxf4 19. Bxa6 Ng5 20. Bxb7+ Qxb7 21.
Qxe7 Nh3+ 22. Kg2 fxe3 23. Rf3 Rde8 24. Qxd6 Ng5 25. Rxe3 Nxe4 26. Qd5 1/2-1/2

[Event "Estonian ch"]
[Site "Kilingi-Nomme"]
[Date "2002.08.17"]
[Round "8"]
[White "Kulaots, Kaido"]
[Black "Kengis, Edvins"]
[Result "1/2-1/2"]
[WhiteElo "2542"]
[BlackElo "2594"]
[PlyCount "27"]
[EventDate "2002.08.10"]

1. d4 Nf6 2. c4 e6 3. Nf3 b6 4. g3 Ba6 5. b3 Bb4+ 6. Bd2 Bxd2+ 7. Qxd2 c5 8.
Nc3 cxd4 9. Qxd4 Nc6 10. Qd2 O-O 11. Bg2 d5 12. cxd5 Nxd5 13. Nxd5 Qxd5 14.
Qxd5 1/2-1/2

[Event "Estonian ch"]
[Site "Kilingi-Nomme"]
[Date "2002.08.18"]
[Round "9"]
[White "Krupenski, Juri"]
[Black "Zavoronkov, Vladimir"]
[Result "0-1"]
[WhiteElo "2252"]
[BlackElo "2385"]
[PlyCount "96"]
[EventDate "2002.08.10"]

1. d4 Nf6 2. c4 e6 3. Nc3 Bb4 4. Qc2 c5 5. dxc5 O-O 6. a3 Bxc5 7. Nf3 Nc6 8. e3
Qc7 9. Bd3 Ne5 10. Nxe5 Qxe5 11. b4 Be7 12. O-O d5 13. f4 Qb8 14. Bb2 dxc4 15.
Bxc4 Bd7 16. Ne4 Nxe4 17. Qxe4 Bc6 18. Qc2 Rd8 19. f5 e5 20. Qb3 Be8 21. e4 Qc7
22. Kh1 Bg5 23. Bd5 Rac8 24. Qg3 Bf6 25. Rac1 Qe7 26. Rc3 Bh4 27. Qh3 Bf6 28.
Rfc1 Rxc3 29. Qxc3 g6 30. fxg6 hxg6 31. Qc5 Qxc5 32. Rxc5 Bc6 33. Kg1 Bxd5 34.
exd5 b6 35. Rc6 Kg7 36. d6 e4 37. Bxf6+ Kxf6 38. Kf2 Ke6 39. Ke3 f5 40. b5 Rxd6
41. g4 Kd7 42. h4 Rd3+ 43. Kf4 Rf3+ 44. Kg5 e3 45. Rc1 f4 46. Kxg6 e2 47. Re1
Re3 48. h5 f3 0-1

[Event "Estonian ch"]
[Site "Kilingi-Nomme"]
[Date "2002.08.18"]
[Round "9"]
[White "Leito, Priit"]
[Black "Sepp, Olav"]
[Result "0-1"]
[WhiteElo "2347"]
[BlackElo "2430"]
[PlyCount "106"]
[EventDate "2002.08.10"]

1. c4 g6 2. Nc3 Bg7 3. g3 d6 4. Bg2 e5 5. e4 Be6 6. d3 Qd7 7. Nge2 c6 8. Be3 h5
9. h3 Ne7 10. Qd2 Na6 11. O-O-O b5 12. cxb5 cxb5 13. d4 b4 14. d5 bxc3 15. Nxc3
Bf5 16. exf5 Nxf5 17. Bf1 Nc7 18. Kb1 Nxe3 19. Qxe3 O-O 20. f3 Rfb8 21. Rh2 Rb6
22. Rc2 Rab8 23. Rdd2 Ne8 24. g4 hxg4 25. hxg4 Nf6 26. g5 Nh5 27. Ne4 Nf4 28.
Bc4 a5 29. a3 Kf8 30. Ba2 Qd8 31. Qc3 f5 32. gxf6 Bxf6 33. Ka1 Be7 34. Qxa5 Qd7
35. Qc3 Qh3 36. Rd1 Kg7 37. Rdc1 R6b7 38. b4 Ra7 39. Kb2 Rba8 40. Re1 Rxa3 41.
Qxa3 Rxa3 42. Kxa3 Qxf3+ 43. Rc3 Qg4 44. b5 Bd8 45. Kb4 Ne2 46. Rc4 Nd4 47. Nc3
Qd7 48. Rc1 Qa7 49. Na4 Qa5+ 50. Ka3 Nxb5+ 51. Kb2 Qd2+ 52. R1c2 Qd3 53. Rg4 e4
0-1

[Event "Estonian ch"]
[Site "Kilingi-Nomme"]
[Date "2002.08.18"]
[Round "9"]
[White "Seeman, Tarvo"]
[Black "Zjukin, Sergei"]
[Result "1/2-1/2"]
[WhiteElo "2454"]
[BlackElo "2401"]
[PlyCount "20"]
[EventDate "2002.08.10"]

1. Nf3 Nf6 2. g3 g6 3. Bg2 Bg7 4. O-O d5 5. d3 O-O 6. Nbd2 c6 7. e4 Bg4 8. h3
Bxf3 9. Qxf3 Nbd7 10. Qe2 e6 1/2-1/2